First Communion (Record no. 8525)

MARC details
000 -LEADER
fixed length control field 00388nam a2200157 a 4500
082 00 - DEWEY DECIMAL CLASSIFICATION NUMBER
Classification number 265.3
Author Cutter BRY
100 ## - MAIN ENTRY--AUTHOR NAME
Author name Bryce, Mary Charles
245 ## - TITLE STATEMENT
Title First Communion
260 ## - PUBLICATION, DISTRIBUTION, ETC. (IMPRINT)
Place of publication New York
Name of publisher Herder and Herder
Year of publication 1964
300 ## - PHYSICAL DESCRIPTION
Number of Pages 125p
500 ## - GENERAL NOTE
General note includes index and biblioraphy
505 2# - FORMATTED CONTENTS NOTE
Formatted contents note Bibliography, Index
650 ## - SUBJECT ADDED ENTRY--TOPICAL TERM
Topical Term Lord`s Supper
942 ## - ADDED ENTRY ELEMENTS (KOHA)
Koha item type Books
700 1# -
-- Paryce, Mary Charles
Holdings
Home library Current library Date acquired Cost, normal purchase price Full call number Accession Number Koha item type
Henry Martyn Institute Library Henry Martyn Institute Library 06/20/2007 45.60 265.3 BRY 013242 Books
                   Copyright © 2026 | Henry Martyn Institute | Hyderabad | TS-500052 | INDIA | Implemented by hmi.edu.in
Hit-Count:

Powered by Koha